Т. 3. Отделение 2: пер. с 3-го нем. изд-я; Теоретическая и практическая механика

Bibliographic Details
Parent link:Теоретическая и практическая механика/ Ю. Л. Вейсбах. Т. 3. Отделение 2.— , 1859-1864.
Other Authors: Усов П. Петр (переводчик)
Language:Russian
Published: 1864
Subjects:
Format: MixedMaterials Book
KOHA link:https://koha.lib.tpu.ru/cgi-bin/koha/opac-detail.pl?biblionumber=323267

MARC

LEADER 00000nam2a2200000 4500
001 323267
005 20250711154553.0
035 |a (RuTPU)RU\TPU\book\348826 
035 |a RU\TPU\book\319890 
090 |a 323267 
100 |a 20161013d1864 m y0rusy50 ca 
101 1 |a rus  |c ger 
102 |a RU 
105 |a a j 000zy 
200 0 |a Т. 3. Отделение 2  |e пер. с 3-го нем. изд-я  |f пер. П. Усова 
210 |d 1864 
215 |a 1913, IX, 28 с.  |c ил., табл. 
316 |5 63413507: 104//224  |a Владельческий переплет "Т.А.Реальн.У" 
317 |5 63413507: 104//224  |a Поступила в НТБ в 1923-1924 оду по распоряжению Наркомпросса 
461 1 |0 (RuTPU)RU\TPU\book\319813  |t Теоретическая и практическая механика  |f Ю. Л. Вейсбах  |v Т. 3. Отделение 2  |d 1859-1864. 
606 1 |a Механика теоретическая  |2 stltpush  |3 (RuTPU)RU\TPU\subj\59441  |9 76991 
610 1 |a общая механика 
610 1 |a приводы 
610 1 |a механизмы 
610 1 |a теория сводов 
610 1 |a грузоподъемные машины 
610 1 |a водоподъемные машины 
610 1 |a воздуходвижные машины 
610 1 |a разжижение воздуха 
610 1 |a сжатый воздух 
610 1 |a технологические машины 
610 1 |a библиотека Томского Алексеевского Реального Училища (ТАРУ) 
675 |a 531(075.8)  |v 4 
702 1 |a Усов  |b П.  |g Петр  |4 730 
801 1 |a RU  |b 63413507  |c 20150515 
801 2 |a RU  |b 63413507  |c 20180126  |g RCR 
850 |a 63413507 
942 |c BK